00372nam a2200133 a 4500020001500000082001600015100002600031245003200057260005200089300001700141500002000158650003800178700002200216 a069714956000a005.113 PED1 aPeddicord, Richard G.10aHaving fun learning BASIC : aDubuque, IA :bWm. C. Brown Publishers,cc1992. aix, 198 p. ; aIncludes index. 0aBASIC (Computer program language)1 aConverse, George,